[Event "Sherbrooke Perpetuelles 46-51"]
[Site "Sherbrooke"]
[Date "2004.05.21"]
[Round "2"]
[White "Lemelin, Marc"]
[Black "Saziouk, Alexandre"]
[Result "1/2-1/2"]
[WhiteElo "1616"]
[BlackElo "1779"]
[PlyCount "190"]
[EventDate "2004.??.??"]
[EventType "swiss"]
[EventRounds "6"]
[EventCountry "CAN"]
[SourceTitle "EXT 2006"]
[Source "ChessBase"]
[SourceDate "2005.11.24"]
[SourceVersion "1"]
[SourceVersionDate "2005.11.24"]
[SourceQuality "1"]

1. d4 d5 2. c4 e5 3. dxe5 d4 4. Nf3 Nc6 5. g3 Bc5 6. Bg2 Nge7 7. h4 0-0 8. h5 h6 9. a3 a5 10. Bf4 Re8 11. Nbd2 Bf5 12. Nh4 Bg4 13. Ne4 Ba7 14. Bxh6 Nxe5 15. Bxg7 Kxg7 16. h6+ Kh8 17. Nf6 d3 18. Nxg4 Nxg4 19. e3 Nc6 20. Qxg4 Qf6 21. Qg7+ Qxg7 22. hxg7+ Kxg7 23. 0-0-0 Rad8 24. Bf1 Ne5 25. Kd2 Ng4 26. Bxd3 Nxf2 27. Nf5+ Kg8 28. Ke2 Nxd1 29. Rxd1 Bc5 30. Rf1 Re6 31. e4 Rde8 32. Rf3 Kh7 33. Rf1 Rh8 34. Rf4 Kg8 35. Nh4 Bd6 36. Rf3 Be7 37. Nf5 Bc5 38. Nh4 Be7 39. Nf5 Rh2+ 40. Rf2 Rxf2+ 41. Kxf2 Bc5+ 42. Kf3 Rb6 43. b4 axb4 44. axb4 Rxb4 45. e5 Ra4 46. Ke4 Bf2 47. Kd5 Ra3 48. Ke4 Kf8 49. g4 Ra4 50. Kf3 Ra3 51. Ke4 Bg1 52. Be2 Bh2 53. g5 Ra5 54. Nh4 Rxe5+ 55. Kd3 Rxg5 56. Nf3 Rg3 57. Ke4 Rg2 58. Bd3 Bd6 59. Ne1 Rg5 60. Nf3 f5+ 61. Kd5 Rg3 62. Be2 Ke7 63. c5 c6+ 64. Kd4 Bf4 65. Kc4 Rg2 66. Bd3 Rg3 67. Be2 Kf6 68. Kd4 Bc7 69. Kc4 Rg2 70. Kd3 Bd8 71. Nd4 Be7 72. Kc4 f4 73. Bd3 Ke5 74. Nf3+ Kf6 75. Nd4 Rg3 76. Ne2 Kg5 77. Nxg3 fxg3 78. Bf1 Kf4 79. Bg2 Ke3 80. Kb4 Kf2 81. Bh3 g2 82. Bxg2 Kxg2 83. Kc4 Kf3 84. Kd4 Kf4 85. Kc4 Ke4 86. Kb4 Kd4 87. Ka5 Bxc5 88. Ka4 b5+ 89. Kb3 Kd3 90. Kb2 Kc4 91. Kc2 b4 92. Kb2 Bd4+ 93. Kc2 b3+ 94. Kb1 Kd3 95. Kc1 c5 1/2-1/2

[Event "Sherbrooke Perpetuelles 06-10"]
[Site "Sherbrooke"]
[Date "2003.07.25"]
[Round "2"]
[White "Dumoulin, Sylvain"]
[Black "Lemelin, Marc"]
[Result "0-1"]
[WhiteElo "1686"]
[BlackElo "1650"]
[PlyCount "50"]
[EventDate "2003.07.??"]
[EventType "swiss"]
[EventRounds "5"]
[EventCountry "CAN"]
[SourceTitle "EXT 2006"]
[Source "ChessBase"]
[SourceDate "2005.11.24"]
[SourceVersion "1"]
[SourceVersionDate "2005.11.24"]
[SourceQuality "1"]

1. Nc3 d5 2. e4 d4 3. Nce2 e5 4. Ng3 Be6 5. Nf3 f6 6. Bb5+ c6 7. Ba4 Nd7 8. Bb3 Nc5 9. Bxe6 Nxe6 10. d3 Bb4+ 11. Bd2 Bxd2+ 12. Qxd2 Ne7 13. Nf5 c5 14. h4 Nxf5 15. exf5 Nf4 16. g3 Qd5 17. gxf4 Qxf3 18. Rg1 0-0 19. fxe5 Rae8 20. e6 Qxf5 21. 0-0-0 Rxe6 22. Qa5 Rfe8 23. Qxa7 Qxf2 24. Qxb7 Qe3+ 25. Kb1 Qxg1 0-1

[Event "Sherbrooke Perpetuelles 01-05"]
[Site "Sherbrooke"]
[Date "2003.07.11"]
[Round "5"]
[White "Corriveau, Philippe"]
[Black "Lemelin, Marc"]
[Result "1-0"]
[WhiteElo "2095"]
[BlackElo "1645"]
[PlyCount "129"]
[EventDate "2003.06.??"]
[EventType "swiss"]
[EventRounds "5"]
[EventCountry "CAN"]
[SourceTitle "EXT 2006"]
[Source "ChessBase"]
[SourceDate "2005.11.24"]
[SourceVersion "1"]
[SourceVersionDate "2005.11.24"]
[SourceQuality "1"]

1. e4 e6 2. d4 d5 3. Nd2 Nf6 4. e5 Nfd7 5. Bd3 c5 6. c3 Nc6 7. Ndf3 cxd4 8. cxd4 f6 9. exf6 Nxf6 10. Ne2 Bd6 11. 0-0 e5 12. dxe5 Nxe5 13. Nxe5 Bxe5 14. Qb3 0-0 15. Bf4 Bb8 16. Rad1 Qb6 17. Qxb6 axb6 18. Bxb8 Rxb8 19. Nd4 Bd7 20. Rc1 Rbc8 21. f3 Rxc1 22. Rxc1 Ne8 23. Bb5 Rf7 24. Bxd7 Rxd7 25. Nb5 Kf7 26. Kf2 Re7 27. Rd1 Rd7 28. Ke3 g5 29. Kd4 Kf6 30. Nc3 Nc7 31. Na4 Ne6+ 32. Kc3 d4+ 33. Kb4 Rd6 34. Kb5 Nc7+ 35. Kb4 Nd5+ 36. Kb3 Ne3 37. Rd2 Rd5 38. Kb4 Rd6 39. b3 Nf5 40. Kb5 Ke5 41. Nxb6 Kf4 42. Nc4 Rd5+ 43. Kb6 Nd6 44. Rd3 h5 45. Nxd6 Rxd6+ 46. Kc5 Rc6+ 47. Kxd4 Rc2 48. g3+ Kf5 49. Ke3 Rxa2 50. Rd5+ Kf6 51. Rb5 Ra7 52. h4 gxh4 53. gxh4 Kg6 54. f4 Kh6 55. Ke4 Kg6 56. Ke5 Kf7 57. f5 Ke7 58. b4 Kf7 59. Rb6 Ke7 60. f6+ Kf7 61. Kf5 Kf8 62. Kg6 Ra1 63. Rxb7 Rg1+ 64. Kxh5 Rg3 65. Kh6 1-0

[Event "Sherbrooke Perpetuelles 01-05"]
[Site "Sherbrooke"]
[Date "2003.06.06"]
[Round "1"]
[White "Lemelin, Marc"]
[Black "Pilotte, Benoit"]
[Result "1-0"]
[WhiteElo "1645"]
[BlackElo "1724"]
[PlyCount "71"]
[EventDate "2003.06.??"]
[EventType "swiss"]
[EventRounds "5"]
[EventCountry "CAN"]
[SourceTitle "EXT 2006"]
[Source "ChessBase"]
[SourceDate "2005.11.24"]
[SourceVersion "1"]
[SourceVersionDate "2005.11.24"]
[SourceQuality "1"]

1. d4 f5 2. c4 Nf6 3. g3 e6 4. Bg2 c6 5. Nf3 Bd6 6. Nc3 0-0 7. 0-0 Na6 8. e4 fxe4 9. Ng5 Bc7 10. d5 exd5 11. cxd5 Nb4 12. Qb3 Nbxd5 13. Ngxe4 Kh8 14. Nxd5 Nxd5 15. Bg5 Qe8 16. Rae1 Qh5 17. Qa3 d6 18. Nxd6 Bxd6 19. Qxd6 Bf5 20. Be7 Nxe7 21. Rxe7 Rad8 22. Qc7 Rd1 23. Rxg7 Rxf1+ 24. Bxf1 Be4 25. Re7 Qf3 26. Qe5+ Rf6 27. Re8+ Kg7 28. Qg5+ Bg6 29. Re2 Kf7 30. Qe3 Qf5 31. Bh3 Qd5 32. Qe7+ Kg8 33. Qxf6 Qd1+ 34. Bf1 Bh5 35. Qg5+ Bg6 36. Re8+ 1-0